| 000 | 00777nam a22002417a 4500 | ||
|---|---|---|---|
| 001 | 0074 | ||
| 003 | DO-SdBNP | ||
| 005 | 20180320094436.0 | ||
| 007 | 0074 | ||
| 008 | 151207b pe 199- xxu||||| |||| 00| 0 spa d | ||
| 040 |
_aBPMSU _bspa _cBPMSU |
||
| 092 |
_axxxxxxx _bxxxxxxx |
||
| 100 | 1 | 0 | _aIngenieros, José |
| 245 | 1 | 3 |
_aEl hombre mediocre / _cJosé Ingenieros |
| 260 |
_aLima, Perú : _bChirre, _c199?. |
||
| 300 |
_a162 p. : _c15 cm. |
||
| 490 | 1 | 0 | _aGenios de la literatura |
| 500 | _aLa presente es la obra completa, basada en el texto original, a diferencia de otras publicaciones que se presentan mutiladas o condensadas | ||
| 830 | 0 | 0 | _aGenios de la literatura universal |
| 942 |
_2ddc _cBK |
||
| 945 | _aInventariado, 2018 / YL | ||
| 956 |
_aBTAVAREZ _b10 _cBPMSU |
||
| 999 |
_c9014 _d9014 |
||